FC Barcelona Squad 2011-2012 - Statistics

General Stats
  • This quiz has been taken 270 times
    126 since last reset
  • The average score is 16 of 23
Answer Stats
# Position Nation Player % Correct
10 FW Argentina Lionel Messi
98%
6 MF Spain Xavi
97%
8 MF Spain Andrés Iniesta
96%
2 DF Brazil Dani Alves
95%
1 GK Spain Víctor Valdés
94%
3 DF Spain Gerard Piqué
90%
7 FW Spain David Villa
87%
9 FW Chile Alexis Sánchez
86%
5 DF Spain Carles Puyol
85%
16 MF Spain Sergio Busquets
85%
17 FW Spain Pedro
82%
- Coach Spain Pep Guardiola
77%
14 MF Argentina Javier Mascherano
76%
22 DF France Éric Abidal
69%
4 MF Spain Cesc Fàbregas
68%
15 MF Mali Seydou Keita
66%
13 GK Spain José Manuel Pinto
52%
19 DF Brazil Maxwell
44%
21 DF Brazil Adriano
42%
11 MF Spain Thiago
39%
20 MF Netherlands Ibrahim Afellay
32%
23 FW Spain Isaac Cuenca
16%
24 DF Spain Andreu Fontàs
11%
No matching quizzes found
Score Distribution
Percent of People with Each Score
Percentile by Number Answered
Your Score History
You have not taken this quiz since the last reset